000 00569nam a2200193Ia 4500
003 GCL
008 140319s9999 xx 000 0 ara d
020 _a1281276977
040 _aGCL /
_cGCL
082 0 4 _a796.8152
_bع ج
100 1 _aعلاء صادق
245 1 0 _aالجودو /
_cعلاء صادق
260 _aالقاهرة :
_bمنف للنشر والخدمات الاعلامية
300 _a46 ص ؛
_c24 سم
650 0 4 _aالرياضة البدنية
650 0 4 _aالجودو
650 0 4 _aالمصارعة اليابانية
942 _2ddc
_cBK
999 _c1459
_d1459